| 000 | 00431nam a2200169Ia 4500 | ||
|---|---|---|---|
| 999 |
_c3006 _d3006 |
||
| 020 | _a81-7304-523-2 | ||
| 082 | _a923.254 AMD-; | ||
| 100 | _aMassey, James | ||
| 245 | 0 | _aDr. B.R. Ambedkar : a study in just society | |
| 260 |
_aNew Delhi _bManohar Publishers _c2003 |
||
| 300 | _a123p. | ||
| 504 | _aIncludes index | ||
| 650 | _aDalits | ||
| 650 | _aAmbedkar, B.R. - Philosophy | ||
| 650 | _aUntouchables - India | ||
| 942 | _cBK | ||